000 00539nam a2200205Ia 4500
003 0100
008 130303s9999 xx 000 0 und d
020 _a814615546
040 _cARRUPELIB
050 _aBR115.L23T481987
245 _aTheology of the land
260 _aCollegeville
260 _bLiturgical Press
260 _C1987
300 _a126P.
300 _b 22CM.
650 _bCatholic Church - Encyclopedia
700 _aLeornard Weber ... et al. , Weber, Leonard J.Evans, Bernard F.Cusack, Gregory D
942 0 0 _01
999 _c10570
_d10570